Sarmiento y la educacion publica /
Guardado en:
| Autor Principal: | |
|---|---|
| Formato: | Libro |
| Publicado: |
Parana :
Universidad Nacional Del Litoral, 0
|
| Materias: | |
| Etiquetas: |
Agregar Etiqueta
Sin Etiquetas, Sea el primero en etiquetar este registro!
|
| LEADER | 00550nam a22001815a 4500 | ||
|---|---|---|---|
| 001 | EHU.bham024779 | ||
| 003 | AR-BHAM | ||
| 005 | 20130507160046.0 | ||
| 008 | 130507b######################000#0#####d | ||
| 082 | 3 | 7 | |a 379.1 |
| 100 | 1 | |a Caropresi, Ramon Felix | |
| 245 | 1 | 0 | |a Sarmiento y la educacion publica / |c Ramon Felix Caropresi |
| 260 | |a Parana : |b Universidad Nacional Del Litoral, 0 | ||
| 300 | |a 50 p. | ||
| 653 | |a Donacion lejarraga | ||
| 653 | |a Sarmiento | ||
| 653 | |a Educacion publica | ||
| 859 | |a AR-BHAM |b BIB. HUMANIDADES - General |h 379.1 |i C22 |p 500.02 |t Ej.1 | ||
